000 02080cam a22005534i 4500
003 PE-LiUPU
005 20250731173045.0
008 160208s2016 enk rb 000 0 eng
020 _a1783680954
020 _a9781783680955
020 _z9781783680894 (ePub)
035 _a(Sirsi) i9781783680955
035 _a(OCoLC)1002687044
040 _aEQO
_beng
_erda
_cEQO
_dOCLCF
_dOCLCO
_dPE-LiUPU
049 _aPRUA
082 0 4 _a280.4
_bR82
_223
100 1 _aRonsen, Oddvar Sten,
_eautor.
245 1 0 _aMission drift? :
_bexploring a paradigm shift in evangelical mission with particular reference to microfinance /
_cOddvar Sten Ronsen.
264 1 _aCarlisle :
_bLangham Global Library,
_c2016.
300 _axi, 114 páginas ;
_c23 centímetros.
336 _atext
_2rdacontent
337 _aunmediated
_2rdamedia
338 _avolume
_2rdacarrier
490 0 _aGlobal perspectives
504 _aBibliografía : páginas 107-114.
505 0 _aIntroduction -- A theological perspective -- Microfinance in christian mission and percevied effects on the poor -- The viability of microfinance as a platform for christian integral mission -- Summary and conclusions.
526 _aSEG42
526 _aSEG41
526 _aSEG40
526 _aSEG39
526 _aP94
526 _aP87
526 _aP86
526 _aP85
526 _aP77
526 _aP76
526 _aP35
650 4 _aIglesia y problemas sociales.
650 4 _aEvangelicalismo.
650 4 _aChurch and social problems.
650 4 _aEvangelicalism.
910 _adbm
_bncf
_cncf
_d20171227
942 _2ddc
_cBOOK
949 _a280.4 R82
_wDEWEY
_c1
_i77783
_lCATALOGING
_mBUL
_p11.80
_r0
_sY
_tBOOK
_u2017-12-27
_xPOSGRADO
_PP85
_0COMPRA
_o.STAFF. Colección Teología.
994 _aC0
_bPEPRU
596 _a1
999 _a280.4 R82
_wDEWEY
_c26435
_i77783
_f2021-11-11
_g4
_lCCODEBUL1
_mBUL
_p11.80
_r0
_sY
_tBOOK
_u2017-12-27
_xTEOLOGIA
_PP85
_0DONACION
_o.STAFF. Colección Teología.
_d26435
980 _81
_gALBERTO SANCHEZ Responsable de Automatización